|
|
|
|
| LEADER |
00000nam0a2200000 4500 |
| 001 |
42490 |
| 005 |
20231031015509.0 |
| 010 |
|
|
|a 5699001034
|
| 035 |
|
|
|a (RuTPU)RU\TPU\book\43754
|
| 090 |
|
|
|a 42490
|
| 100 |
|
|
|a 20020905d2002 m y0rusy50 ca
|
| 101 |
0 |
|
|a rus
|
| 102 |
|
|
|a RU
|
| 105 |
|
|
|a y z 000zy
|
| 200 |
1 |
|
|a Идеология и мать ее наука
|f С. Г. Кара-Мурза
|
| 210 |
|
|
|a Москва
|c ЭКСМО-Пресс
|d 2002
|c Алгоритм
|
| 215 |
|
|
|a 256 с.
|
| 225 |
1 |
|
|a Новейшая история
|
| 610 |
1 |
|
|a история
|
| 610 |
1 |
|
|a Россия
|
| 610 |
1 |
|
|a СССР
|
| 610 |
1 |
|
|a внутренняя политика
|
| 610 |
1 |
|
|a идеология
|
| 610 |
1 |
|
|a 20 век
|
| 610 |
1 |
|
|a политический кризис
|
| 610 |
1 |
|
|a наука
|
| 610 |
1 |
|
|a научная картина мира
|
| 610 |
1 |
|
|a экономика
|
| 610 |
1 |
|
|a экология
|
| 610 |
1 |
|
|a общество
|
| 686 |
|
|
|a Т3(2)6
|v LBC/SL-A
|2 rubbk
|
| 686 |
|
|
|a Ф3(2)1
|v LBC/SL-A
|2 rubbk
|
| 700 |
|
1 |
|a Кара-Мурза
|b С. Г.
|g Сергей Георгиевич
|
| 801 |
|
1 |
|a RU
|b 63413507
|c 20020905
|g PSBO
|
| 801 |
|
2 |
|a RU
|b 63413507
|c 20021004
|g PSBO
|
| 942 |
|
|
|c BK
|